| 000 | 00390nam a2200145Ia 4500 | ||
|---|---|---|---|
| 008 | 161220s9999 xx 000 0 und d | ||
| 040 | _aPK-NaQUE | ||
| 100 | _a98CE106 | ||
| 100 | _aManzar Sabir Memon | ||
| 245 | 0 | _aDesign Of Link Road From 60 mile To Village Sultan Ahmed Jamali | |
| 260 | _aNawabshah | ||
| 260 | _bQUEST | ||
| 260 | _c1998 | ||
| 700 | _aDepartment Of Civil Engineering | ||
| 999 |
_c56984 _d56981 |
||